000 00687nmc a2200265 a 4500
003 AR-BaBNM
005 20251128205820.0
008 208019s1990 ||||||||||||||000 | spa||
020 _a950-9089-48-6
040 _cAR-BaBNM
100 1 _aPetrarca, Francesco
_d1304-1374
245 1 0 _aRime e trionfi
260 _aBuenos Aires
_bAsociación Dante Alighieri
_c1990
300 0 _a184 p.
_bil.
490 0 _aLa letteratura italiana, storia e testi
650 4 _aLITERATURA ITALIANA
650 4 _aANTOLOGIAS
650 4 _aEDAD MEDIA
650 4 _aPOESIA
653 0 _aINFLUENCIA CLASICA
653 0 _aPOESIA AMOROSA
655 _aLITERATURA
942 _cBK
998 _cMARTIN
999 _c12925
_d12925